| 000 | 01443nam a22003374a 4500 | ||
|---|---|---|---|
| 001 | ebr10020821 | ||
| 003 | CaPaEBR | ||
| 006 | m u | ||
| 007 | cr cn||||||||| | ||
| 008 | 000316s2001 ctu sb 001 0 eng | ||
| 010 | _z 00035357 | ||
| 020 | _z0313313563 (alk. paper) | ||
| 040 |
_aCaPaEBR _cCaPaEBR |
||
| 035 | _a(OCoLC)70769252 | ||
| 050 | 1 | 4 |
_aF2325 _b.M39 2001eb |
| 082 | 0 | 4 |
_a987.06/312/092 _221 |
| 100 | 1 |
_aMcBeth, B. S. _q(Brian Stuart), _d1951- |
|
| 245 | 1 | 0 |
_aGunboats, corruption, and claims _h[electronic resource] : _bforeign intervention in Venezuela, 1899-1908 / _cBrian S. McBeth. |
| 260 |
_aWestport, Conn. : _bGreenwood Press, _c2001. |
||
| 300 | _axii, 307 p. | ||
| 490 | 1 |
_aContributions in Latin American studies, _x1054-6790 ; _vno. 20 |
|
| 504 | _aIncludes bibliographical references (p. [269]-285) and index. | ||
| 533 |
_aElectronic reproduction. _bPalo Alto, Calif. : _cebrary, _d2013. _nAvailable via World Wide Web. _nAccess may be limited to ebrary affiliated libraries. |
||
| 600 | 1 | 0 |
_aCastro, Cipriano, _d1856?-1924. |
| 650 | 0 |
_aPolitical corruption _zVenezuela. |
|
| 651 | 0 |
_aVenezuela _xForeign relations _y1830-1935. |
|
| 655 | 7 |
_aElectronic books. _2local |
|
| 710 | 2 | _aebrary, Inc. | |
| 830 | 0 |
_aContributions in Latin American studies ; _vno. 20. |
|
| 856 | 4 | 0 |
_uhttp://site.ebrary.com/lib/rucke/Doc?id=10020821 _zAn electronic book accessible through the World Wide Web; click to view |
| 999 |
_c24206 _d24206 |
||